Największe wyspy A-Z. - Statystyki

Ogólne statystyki
  • Ten quiz został rozwiązany 114 razy
  • Średni wynik to 7 z 24
Statystyki odpowiedzi
Litera Powierzchnia wyspy w km2 Odpowiedź % Poprawnych
G 2131 tys. Grenlandia
87%
M 588 tys. Madagaskar
75%
B 748 tys. Borneo
62%
I 102 tys. Islandia
61%
J 139 tys. Jawa
61%
H 226 tys. Honsiu
57%
K 106 tys. Kuba
56%
S 443 tys. Sumatra
48%
N 786 tys. Nowa Gwinea
44%
C 181 tys. Celebes
38%
L 110 tys. Luzon
34%
T 65 tys. Tasmania
27%
Z 507 tys. Ziemia Baffina
24%
W 217 tys. Wyspa Wiktorii
20%
F 14 tys. Flores
15%
V 31 tys. Vancouver
6%
D 55 tys. Devon
5%
P 12 tys. Palawan
5%
E 4 tys. Espiritu Santo
1%
O 3 tys. Obi
1%
A 8 tys. Anticosti
0%
R 5 tys. Riesco
0%
U 4 tys. Unimak
0%
Y 12 tys. Yos Sudarso
0%
Nie znaleziono quizów pasujących do podanych kryteriów
Rozkład punktacji
Procent ludzi z każdym wynikiem
Percentyl według liczby udzielonych odpowiedzi
Twoja historia wyników
Nie rozwiązałeś tego quizu